000 00509nam a2200181Ia 4500
999 _c16597
_d16597
003 OSt
005 20200606115942.0
008 190216s9999||||xx |||||||||||||| ||und||
020 _a9788190827171
040 _cMESKC library
082 _a891.431
_bRAN/H
100 _aRani, Rajath
_9269
245 0 _aHindi Dalith Kavitha /
_cRajath Rani
260 _bNavbharath Prakashan,
_c2009.
_aDelhi:
300 _a175p
650 _aHindi
942 _cBK
_2ddc
_h891.431
_iRAN/H
_k891.431
_mRAN/H